000 00276nam a22001337a 4500
008 180904b xxu||||| |||| 00| 0 eng d
020 _a9781133610663
041 _aeng
080 _a541
100 _a12
101 _aKIM
245 _aChemistry
_cDavis.w
942 _2udc
_cBK
999 _c47511
_d47511